| 000 | 00298 a2200109 4500 | ||
|---|---|---|---|
| 022 | _a0065-7875 | ||
| 082 | _a620.136 ACI | ||
| 245 | _aACI manual of concrete practice. | ||
| 260 |
_aDetroit, Mich. : _bAmerican Concrete Institute, _c1990 |
||
| 300 |
_av. : _bill. ; _c30 cm. |
||
| 650 | _aConcrete | ||
| 650 | _aConcrete construction | ||
| 999 |
_c1888 _d1888 |
||